000 00409nam a2200121Ia 4500
008 220204s9999 xx 000 0 und d
082 _a581.2:579.8
_bPAT.1
245 0 _aPathogenesis and host specificity in plant diseases: Histopathological, biochemical, genetic and molecular bases. V 1. Prokaryotes
260 _aUK
_bPergamon
_c1995
505 _aSet price for 3 vols
700 _aUma S Singh
942 _cBK
999 _c40743
_d40743